000
00311nam a22001337a 4500
003
SGT
082
_a
343.02,KHA
100
_a
KHANNA,RAJIV
245
_a
LL.B.2 TERM PROPERTY LAW CASES SELECTED
260
_a
NEW DELHI
_b
UNIVERSITY DELHI
_c
2012
300
_a
245
650
_a
CASES SELECTED
942
_2
ddc
_c
BK
999
_c
10384
_d
10384